000 01117nam a2200265Ia 4500
999 _c65315
_d65315
005 20240530110818.0
008 140319s2002 au a f b 000 0 ara d
017 _a2002/13018
_bمصر. دار الكتب
020 _a9773052842
040 _aGCL /
_cGCL
082 0 4 _221
_a723.3 /
_bم ف
100 1 _aمالدونادو ، باسيليو بابون
245 1 2 _aالفن الاسلامى فى الاندلس /
_cباسيليو بابون مالدونادو
_nالجزء الاول :
_pالزخرفة الهندسية -
_nالجزء الثانى :
_pالزخرفة النباتية
250 _aط.1
260 _aالقاهرة :
_bالمجلس الاعلى للثقافة،
_c2002 .
300 _a2 جزء :
_bايض. ؛
_c24 سم.
490 1 _aالمشروع القومى للترجمة ؛
_v353
_v354
650 0 7 _aالعمارة
_2qrmak
650 0 7 _aالزخارف الهندسية
_2qrmak
650 0 7 _aالزخارف النباتية
_2qrmak
650 0 7 _aالعمارة الاسلامية
_2qrmak
651 _2qrmak
942 _2ddc
_cBK